LEADER 01385nam a2200277 i 4500 001 000000036544 003 CaOOAMICUS 005 20110121000000.0 008 110121s1959 gw u000 u ger u 013 $a6193 040 $aSeMil$bita 100 1 $aSchulte, Raphael.$0(OLS)http://semarc/name/17227 245 14$aDie Messe als Opfer der Kirche :$bdie Lehre frühmittelalterlicher Autoren über das eucharistische Opfer /$cvon Raphael Schulte. 260 $aMünster Westf. :$bAschendorff,$c1959. 300 $aXV, 198 p. ;$c26 cm. 490 0 $aLiturgiewissenschaftliche Quellen und Forschungen ;$v35 650 4$aMessa - Storia.$0(OLS)http://semarc/subject/1162 650 4$aMessa - Sacrificio.$0(OLS)http://semarc/subject/7027 650 4$aEucaristia - Celebrazione.$0(OLS)http://semarc/subject/7028 650 4$aEucaristia - Celebrazione - Storia.$0(OLS)http://semarc/subject/7029 830 0$aLiturgiewissenschaftliche Quellen und Forschungen ;$v35.$0(OLS)http://semarc/title/188 850 $aSeMil 852 $aSeMil$W1$xVenegono$y1$m3KA D 35$j223556$B2699$CSeMilBibl$Z2$F2699 $81 961 $aSottoscrizione: Aschendorff 996 $6245$aDie Messe als Opfer der Kirche :$bdie Lehre frühmittelalterlicher Autoren über das eucharistische Opfer$9(OLS)http://semarc/title/50645 996 $6260$aMünster Westf. :$bAschendorff$9(OLS)http://semarc/publisher/29679 LEADER 01063nam a2200253 i 4500 001 000000060651 003 CaOOAMICUS 005 20230202101812.0 008 130925s1982 it u000 u ita u 040 $aSeMil$bita 100 1 $aGrasso, Domenico,$c.$0(OLS)http://semarc/name/21434 245 12$aI carismi nella Chiesa :$bteologia e storia /$cDomenico Grasso. 260 $aBrescia :$bQueriniana,$c1982. 300 $a202 p. ;$c20 cm. 490 0 $aGiornale di teologia ;$v137 650 4$aEcclesiologia.$0(OLS)http://semarc/subject/42996 650 4$aCarismi.$0(OLS)http://semarc/subject/5606 650 4$aChiesa - Carismi.$0(OLS)http://semarc/subject/12098 830 0$aGiornale di teologia ;$v137.$0(OLS)http://semarc/title/419620 850 $aSeMil 852 $aSeMil$W1$xVenegono$y1$m2XA G 137$j236886$B26804$CSeMilBibl$Z2$F26807 $81 996 $6245$aI carismi nella Chiesa :$bteologia e storia$9(OLS)http://semarc/title/95110 996 $6260$aBrescia :$bQueriniana$9(OLS)http://semarc/publisher/29615